| 000 | 02754nam0a2200373 4500 | ||
|---|---|---|---|
| 001 | RU\NLR\BIBL_A\011940850 | ||
| 005 | 20190311115658.0 | ||
| 010 |
_a978-5-9228-1987-9 _9100 |
||
| 021 |
_aRU _bКН-П-19-002416 _9КН-П-19-0168 |
||
| 035 | _a(NLR Aleph) 011940850 | ||
| 035 | _a(RuMoRGB)009866874 | ||
| 090 |
_a11090963 _c11090963 |
||
| 100 | _a20190219d2018 u y0rusy50 ca | ||
| 101 | 0 |
_arus _aeng |
|
| 102 | _aRU | ||
| 105 | _ay|||j|||000zy | ||
| 200 | 1 |
_aПервые навыки академического английского: чтение и письмо _dFirst skills in academic English: reading and writing _eучебное пособие _eуровни А2-В1 _e[для студентов бакалавриата факультета международного бизнеса и делового администрирования МГИМО МИД России] _fФедеральное государственное автономное образовательное учреждение высшего образования "Московский государственный институт международных отношений (университет) Министерства иностранных дел Российской Федерации", Кафедра английского языка № 4 _g[С. Г. Незговорова и др.] _gпод редакцией А. Д. Самигуллиной _zeng |
|
| 210 |
_aМосква _cМГИМО-Университет _d2018 |
||
| 215 |
_a350, [1] с. _cил., табл. _d29 |
||
| 300 | _aЗагл. обл. и корешка: Первые навыки академического английского | ||
| 320 | _aБиблиогр.: с. 347-348 (25 назв.) | ||
| 510 | 1 |
_aFirst skills in academic English: reading and writing _zeng |
|
| 512 | 1 | _aПервые навыки академического английского | |
| 606 | 1 |
_aАнглийский язык _xУчебные издания для специалистов в области международного бизнеса _92135049 _3RU\NLR\AUTH\661591834 |
|
| 686 | 1 | _aШ143.21-93рус329.3 | |
| 702 | 1 |
_aНезговорова _bС. Г. _gСветлана Германовна _4220 |
|
| 702 | 1 |
_aСамигуллина _bА. Д. _gАнна Дамировна _4340 |
|
| 712 | 0 | 2 |
_4570 _aМосковский государственный институт международных отношений _bКафедра английского языка _c4 _9576638 _3RU\NLR\AUTH\8810038874 |
| 942 | _cBOOK | ||
| 980 | _aNBR | ||
| 980 | _aNB | ||